000 00266nam a22001097a 4500
008 170123b xxu||||| |||| 00| 0 eng d
020 _a9781580400206
041 _aeng
080 _22ND
_a618.2
245 _aINTENSIVE DIABETES MANAGEMENT
_cKELLEY, D.B
942 _2udc
_cBK
999 _c3364
_d3364